LEGO Series 20 Minifigures by Picture - Statistics

General Stats
  • This quiz has been taken 10 times
  • The average score is 9 of 16
Answer Stats
Picture Answer % Correct
Brick Costume Boy
100%
Drone Boy
100%
Tournament Knight
100%
Viking
88%
Llama Costume Girl
75%
Martial Arts Boy
75%
Pea Pod Costume Girl
75%
80's Musician
50%
Piñata Boy
50%
Athlete
38%
Breakdancer
38%
Sea Rescuer
38%
Pirate Girl
25%
Pyjama Girl
25%
Space Fan
25%
Super Warrior
25%
No matching quizzes found
Score Distribution
Percent of People with Each Score
Percentile by Number Answered
Your Score History
You have not taken this quiz